00386nam a22001577a 450000500170000000800410001702000220005804100080008008200130008810000210010124500260012225000190014826000350016730000180020265000080022020210904122544.0200608b xxu||||| |||| 00| 0 eng d a978-93-84852-61-0 aeng a346.4202 aKAPOOR, DR, S.K. aLAW OF CONTRACT - II  a15th ed. 2019. aALLAHABAD bCENTRAL LAW AGENCY a399,; xxxvp.  aLAW